[Event "GER-ch Net blitz qual4"]
[Site "Playchess.com INT"]
[Date "2021.05.10"]
[Round "7"]
[White "Hader, Soeren"]
[Black "Fabregas, Oliver"]
[Result "0-1"]
[WhiteElo "1444"]
[BlackElo "1809"]
[PlyCount "64"]
[EventDate "2021.05.10"]
[EventType "swiss (blitz)"]
[EventRounds "11"]
[EventCountry "GER"]
[SourceTitle "CBM 202 Extra"]
[Source "ChessBase"]
[SourceDate "2021.07.31"]
[SourceVersion "1"]
[SourceVersionDate "2021.07.31"]
[SourceQuality "1"]

1. e4 c5 2. Nf3 d6 3. d4 cxd4 4. Qxd4 Nc6 5. Bb5 Bd7 6. Bxc6 Bxc6 7. c4 Nf6 8. Nc3 g6 9. 0-0 Bg7 10. Qd3 0-0 11. Be3 b6 12. Rfd1 Qc7 13. Rac1 Rad8 14. h3 Qb7 15. Nd2 e6 16. b3 Rfe8 17. b4 d5 18. cxd5 exd5 19. exd5 Nxd5 20. Nxd5 Bxd5 21. Qf1 Bxa2 22. Rc2 Be6 23. Rdc1 Rd7 24. Nf3 h6 25. b5 Bxh3 26. gxh3 Qxf3 27. Qg2 Qf5 28. Rc7 Red8 29. Rxd7 Rxd7 30. Rc8+ Kh7 31. Qa8 Qxh3 32. Qg2 Rd1+ 0-1

[Event "GER-ch Net blitz qual4"]
[Site "Playchess.com INT"]
[Date "2021.05.10"]
[Round "11"]
[White "Hader, Soeren"]
[Black "Kriminski, Christoph"]
[Result "1-0"]
[WhiteElo "1444"]
[BlackElo "1640"]
[PlyCount "37"]
[EventDate "2021.05.10"]
[EventType "swiss (blitz)"]
[EventRounds "11"]
[EventCountry "GER"]
[SourceTitle "CBM 202 Extra"]
[Source "ChessBase"]
[SourceDate "2021.07.31"]
[SourceVersion "1"]
[SourceVersionDate "2021.07.31"]
[SourceQuality "1"]

1. e4 Nc6 2. Nf3 f5 3. d3 fxe4 4. dxe4 Nf6 5. Nc3 e5 6. Bc4 Na5 7. Bb3 Nxb3 8. axb3 Bc5 9. Qe2 d6 10. Be3 Bxe3 11. Qxe3 0-0 12. Rxa7 Bg4 13. Kd2 Qd7 14. Rha1 Rxa7 15. Rxa7 b6 16. h3 Bxf3 17. gxf3 Qxh3 18. Rxc7 Nh5 19. Nd5 1-0

[Event "GER-ch Net blitz qual4"]
[Site "Playchess.com INT"]
[Date "2021.05.10"]
[Round "8"]
[White "Hader, Soeren"]
[Black "Lu, Yunong Elias"]
[Result "1/2-1/2"]
[WhiteElo "1444"]
[BlackElo "1851"]
[PlyCount "104"]
[EventDate "2021.05.10"]
[EventType "swiss (blitz)"]
[EventRounds "11"]
[EventCountry "GER"]
[SourceTitle "CBM 202 Extra"]
[Source "ChessBase"]
[SourceDate "2021.07.31"]
[SourceVersion "1"]
[SourceVersionDate "2021.07.31"]
[SourceQuality "1"]

1. e4 c6 2. d4 d5 3. Nc3 dxe4 4. Nxe4 Nf6 5. Nxf6+ exf6 6. Nf3 Bd6 7. Bc4 0-0 8. 0-0 Bg4 9. Be3 Nd7 10. h3 Bh5 11. g4 Bg6 12. Bd3 Qc7 13. c4 Rad8 14. c5 Bf4 15. Bxg6 hxg6 16. Qd2 Bxe3 17. Qxe3 Rfe8 18. Qd2 Nxc5 19. Rfe1 Ne4 20. Qd3 Nd6 21. Rac1 Nb5 22. Qxb5 Rxe1+ 23. Nxe1 Rxd4 24. Qc5 Rd8 25. Ng2 Re8 26. Ne3 Qe7 27. Qxe7 Rxe7 28. Rd1 Rc7 29. Rd8+ Kh7 30. Kg2 a6 31. Kf3 Re7 32. Rb8 Rc7 33. Kf4 Re7 34. g5 fxg5+ 35. Kxg5 Re5+ 36. Kf4 Rb5 37. b3 f6 38. Rf8 Ra5 39. a4 g5+ 40. Kf3 Kg6 41. Rb8 b5 42. axb5 cxb5 43. Rb6 Ra3 44. Kg2 Rxb3 45. Rxa6 Rb1 46. Rb6 b4 47. Nd5 b3 48. Nc3 Rb2 49. Na4 Ra2 50. Nc3 Rb2 51. Na4 Ra2 52. Nc3 Rb2 1/2-1/2

[Event "GER-ch Net blitz qual4"]
[Site "Playchess.com INT"]
[Date "2021.05.10"]
[Round "9"]
[White "Schaper, Jan Erik"]
[Black "Hader, Soeren"]
[Result "1-0"]
[WhiteElo "1631"]
[BlackElo "1444"]
[PlyCount "57"]
[EventDate "2021.05.10"]
[EventType "swiss (blitz)"]
[EventRounds "11"]
[EventCountry "GER"]
[SourceTitle "CBM 202 Extra"]
[Source "ChessBase"]
[SourceDate "2021.07.31"]
[SourceVersion "1"]
[SourceVersionDate "2021.07.31"]
[SourceQuality "1"]

1. d4 Nf6 2. Bf4 g6 3. Nc3 Bg7 4. Qd2 d5 5. Bh6 0-0 6. Bxg7 Kxg7 7. h4 Bf5 8. f3 c5 9. e3 cxd4 10. exd4 Nc6 11. g4 Bc8 12. h5 gxh5 13. g5 Nd7 14. Rxh5 f5 15. Qh2 Rh8 16. 0-0-0 Qe8 17. Nxd5 Qg6 18. f4 Nb6 19. Ne3 Bd7 20. Rh6 Qf7 21. d5 Nb4 22. a3 Na6 23. Nf3 Rac8 24. Ne5 Qe8 25. Bd3 e6 26. Nxd7 Nxd7 27. dxe6 Qxe6 28. Nxf5+ Kg8 29. Rxe6 1-0

[Event "GER-ch Net blitz qual4"]
[Site "Playchess.com INT"]
[Date "2021.05.10"]
[Round "5"]
[White "Seitz, Manuel"]
[Black "Hader, Soeren"]
[Result "0-1"]
[WhiteElo "1825"]
[BlackElo "1444"]
[PlyCount "58"]
[EventDate "2021.05.10"]
[EventType "swiss (blitz)"]
[EventRounds "11"]
[EventCountry "GER"]
[SourceTitle "CBM 202 Extra"]
[Source "ChessBase"]
[SourceDate "2021.07.31"]
[SourceVersion "1"]
[SourceVersionDate "2021.07.31"]
[SourceQuality "1"]

1. e4 c5 2. f4 g6 3. d4 cxd4 4. Qxd4 Nc6 5. Qd3 Bg7 6. Nc3 Qc7 7. Nf3 a6 8. Be2 d6 9. 0-0 Nf6 10. Be3 b5 11. Rae1 b4 12. Nd5 Nxd5 13. exd5 Na7 14. Bd4 0-0 15. Bxg7 Kxg7 16. Rc1 Qc5+ 17. Kh1 Nb5 18. Ng5 Bb7 19. Bf3 Nd4 20. Ne4 Qb6 21. c3 Nxf3 22. Rxf3 bxc3 23. Qxc3+ Kg8 24. f5 Rac8 25. Qd2 Rxc1+ 26. Qxc1 Bxd5 27. Nc3 Bxf3 28. gxf3 Qf2 29. Qf4 Qf1# 0-1

[Event "GER-ch Net blitz qual3"]
[Site "Playchess.com INT"]
[Date "2021.05.07"]
[Round "6"]
[White "Fock, Sana"]
[Black "Hader, Soeren"]
[Result "1-0"]
[WhiteElo "1744"]
[BlackElo "1445"]
[PlyCount "35"]
[EventDate "2021.05.07"]
[EventType "swiss (blitz)"]
[EventRounds "11"]
[EventCountry "GER"]
[SourceTitle "CBM 202 Extra"]
[Source "ChessBase"]
[SourceDate "2021.07.31"]
[SourceVersion "1"]
[SourceVersionDate "2021.07.31"]
[SourceQuality "1"]

1. e4 c5 2. Nc3 Nc6 3. f4 d6 4. Nf3 g6 5. Bb5 a6 6. Be2 Bg7 7. 0-0 Qc7 8. a4 Nf6 9. Qe1 0-0 10. d3 Be6 11. Qh4 Bg4 12. f5 Bxf3 13. Rxf3 Ne5 14. Rh3 h5 15. Nd5 Qd8 16. Nxf6+ Bxf6 17. Bg5 e6 18. Bxf6 1-0

[Event "GER-ch Net blitz qual3"]
[Site "Playchess.com INT"]
[Date "2021.05.07"]
[Round "3"]
[White "Hader, Soeren"]
[Black "Feldmaus, Bernd"]
[Result "0-1"]
[WhiteElo "1445"]
[BlackElo "1717"]
[PlyCount "124"]
[EventDate "2021.05.07"]
[EventType "swiss (blitz)"]
[EventRounds "11"]
[EventCountry "GER"]
[SourceTitle "CBM 202 Extra"]
[Source "ChessBase"]
[SourceDate "2021.07.31"]
[SourceVersion "1"]
[SourceVersionDate "2021.07.31"]
[SourceQuality "1"]

1. e4 e6 2. d4 d5 3. Nd2 Nf6 4. e5 Nfd7 5. Bd3 c5 6. c3 Nc6 7. Ngf3 Qb6 8. dxc5 Bxc5 9. Qe2 f6 10. exf6 Nxf6 11. 0-0 0-0 12. Nb3 Bd6 13. Be3 Qc7 14. Bd4 e5 15. Bxe5 Nxe5 16. Nxe5 Bxe5 17. g3 Bg4 18. Qc2 Rae8 19. Nd4 Bxd4 20. cxd4 Qxc2 21. Bxc2 Rc8 22. Bb3 Rfe8 23. Rfe1 Bd7 24. Kg2 Rxe1 25. Rxe1 Re8 26. Rc1 Bc6 27. Rc2 Ne4 28. f3 Nf6 29. Rd2 Bb5 30. Bd1 Rc8 31. a4 Bd7 32. b3 Kf8 33. Re2 Rc3 34. Kf2 Bf5 35. Rd2 Rd3 36. Rxd3 Bxd3 37. Ke3 Bg6 38. Kf4 Ke7 39. b4 Kd6 40. Bb3 b6 41. g4 Be8 42. g5 Nd7 43. Kf5 Nf8 44. h3 Bd7+ 45. Kf4 Bxh3 46. Kg3 Bc8 47. Kf4 Ng6+ 48. Kg3 Bf5 49. f4 Be4 50. a5 Ne7 51. axb6 axb6 52. Kf2 Nf5 53. Ba4 Nxd4 54. Be8 Nf5 55. Ke2 Ne7 56. Ke3 Nc6 57. b5 Ne7 58. Bc6 Nf5+ 59. Ke2 Kc5 60. Be8 Kc4 61. Kd2 Nd4 62. Bf7 Nxb5 0-1

[Event "GER-ch Net blitz qual3"]
[Site "Playchess.com INT"]
[Date "2021.05.07"]
[Round "2"]
[White "Matthes, Benjamin"]
[Black "Hader, Soeren"]
[Result "1-0"]
[WhiteElo "1731"]
[BlackElo "1445"]
[PlyCount "61"]
[EventDate "2021.05.07"]
[EventType "swiss (blitz)"]
[EventRounds "11"]
[EventCountry "GER"]
[SourceTitle "CBM 202 Extra"]
[Source "ChessBase"]
[SourceDate "2021.07.31"]
[SourceVersion "1"]
[SourceVersionDate "2021.07.31"]
[SourceQuality "1"]

1. e4 c5 2. Nf3 e6 3. d4 cxd4 4. Nxd4 a6 5. Be2 Qc7 6. 0-0 Nf6 7. f3 Bc5 8. Be3 0-0 9. Kh1 d6 10. Nc3 Nbd7 11. Qd2 b5 12. a3 Bb7 13. Rad1 d5 14. Nb3 Bxe3 15. Qxe3 dxe4 16. Nxe4 Nxe4 17. fxe4 Rfd8 18. Bd3 Nf8 19. e5 Ng6 20. Rde1 Qc6 21. Re2 Rac8 22. Nd2 a5 23. Bxg6 fxg6 24. h3 Rf8 25. Rxf8+ Rxf8 26. Ne4 Ba8 27. Nd6 Rf1+ 28. Kh2 Rc1 29. Qf2 Rb1 30. Qf7+ Kh8 31. Qf8# 1-0

[Event "GER-ch Net blitz qual3"]
[Site "Playchess.com INT"]
[Date "2021.05.07"]
[Round "10"]
[White "Retzlaff, Wolfgang"]
[Black "Hader, Soeren"]
[Result "1-0"]
[WhiteElo "1620"]
[BlackElo "1445"]
[PlyCount "133"]
[EventDate "2021.05.07"]
[EventType "swiss (blitz)"]
[EventRounds "11"]
[EventCountry "GER"]
[SourceTitle "CBM 202 Extra"]
[Source "ChessBase"]
[SourceDate "2021.07.31"]
[SourceVersion "1"]
[SourceVersionDate "2021.07.31"]
[SourceQuality "1"]

1. Nf3 d5 2. c4 c6 3. d4 Nf6 4. cxd5 Nxd5 5. Nc3 Nxc3 6. bxc3 Bf5 7. Bf4 e6 8. e3 Bd6 9. Bg3 0-0 10. Be2 Bxg3 11. hxg3 Nd7 12. Bd3 Bxd3 13. Qxd3 h6 14. g4 Qf6 15. g5 Qg6 16. Qxg6 fxg6 17. gxh6 gxh6 18. Rxh6 Kg7 19. Rh1 Rae8 20. Ng5 e5 21. Rh7+ Kf6 22. Ne4+ Ke6 23. Rb1 Nf6 24. Nxf6 Rxf6 25. Rhxb7 Ref8 26. R1b2 exd4 27. cxd4 Kd5 28. Rxa7 Rh8 29. Ke2 Rh2 30. Ra5+ Kd6 31. Rg5 Ke6 32. Rb6 Kd6 33. a4 Rh1 34. a5 Ra1 35. Rb2 Re6 36. f4 Ra3 37. Re5 Rf6 38. Rc2 Ra4 39. Rec5 Kd7 40. Kf3 Ra3 41. Kg4 Ra4 42. Kg5 Re6 43. Re5 Rd6 44. g3 Ra3 45. Rb2 Ra4 46. Rb7+ Kc8 47. Rg7 Ra1 48. Rxg6 Rd7 49. Rxc6+ Kd8 50. Rb6 Kc7 51. Rc5+ Kd8 52. Rb8+ Ke7 53. Rh8 Rg1 54. Rh7+ Ke8 55. Rxd7 Kxd7 56. g4 Ra1 57. Kf6 Kd6 58. g5 Ra3 59. e4 Re3 60. e5+ Kd7 61. g6 Ke8 62. Rc8+ Kd7 63. Rf8 Rf3 64. Rf7+ Ke8 65. Ke6 Kd8 66. g7 Rxf4 67. Rxf4 1-0

[Event "GER-ch Net blitz qual2"]
[Site "Playchess.com INT"]
[Date "2021.05.04"]
[Round "5"]
[White "Hader, Soeren"]
[Black "Plaettner, Stefan"]
[Result "0-1"]
[WhiteElo "1532"]
[BlackElo "1646"]
[PlyCount "50"]
[EventDate "2021.05.04"]
[EventType "swiss (blitz)"]
[EventRounds "11"]
[EventCountry "GER"]
[SourceTitle "CBM 202 Extra"]
[Source "ChessBase"]
[SourceDate "2021.07.31"]
[SourceVersion "1"]
[SourceVersionDate "2021.07.31"]
[SourceQuality "1"]

1. e4 d6 2. d4 Nf6 3. Nc3 c6 4. Nf3 Bg4 5. Be2 e6 6. 0-0 Bxf3 7. Bxf3 d5 8. Re1 Be7 9. e5 Nfd7 10. Ne2 0-0 11. Ng3 c5 12. c3 cxd4 13. cxd4 Nc6 14. a3 a6 15. Qe2 Nxd4 16. Qd3 Nc6 17. Be3 Ndxe5 18. Qb3 Nxf3+ 19. gxf3 b5 20. Rad1 Ne5 21. Kg2 Bf6 22. Nh5 Be7 23. h3 Nc4 24. Kh2 Bd6+ 25. Kh1 Qh4 0-1

[Event "GER-ch Net blitz qual2"]
[Site "Playchess.com INT"]
[Date "2021.05.04"]
[Round "10"]
[White "Meister, Hubert"]
[Black "Hader, Soeren"]
[Result "1-0"]
[WhiteElo "1376"]
[BlackElo "1532"]
[PlyCount "57"]
[EventDate "2021.05.04"]
[EventType "swiss (blitz)"]
[EventRounds "11"]
[EventCountry "GER"]
[SourceTitle "CBM 202 Extra"]
[Source "ChessBase"]
[SourceDate "2021.07.31"]
[SourceVersion "1"]
[SourceVersionDate "2021.07.31"]
[SourceQuality "1"]

1. Nf3 Nc6 2. d4 d5 3. e3 Nf6 4. c4 e6 5. Nc3 Be7 6. cxd5 Nxd5 7. Nxd5 Qxd5 8. Bd2 0-0 9. Be2 b6 10. b3 Bb7 11. 0-0 Bb4 12. Bc4 Qd6 13. Bxb4 Nxb4 14. a3 Nd5 15. Ne5 f6 16. Nf3 Rac8 17. h3 Rfd8 18. Nd2 f5 19. Qc2 c5 20. f4 Nxe3 21. Qc3 cxd4 22. Qb2 Nxf1 23. Nxf1 Kh8 24. Rd1 a6 25. Ng3 b5 26. Bf1 Rc3 27. Ne2 Re3 28. Rxd4 Qc6 29. Rxd8+ 1-0

[Event "GER-ch Net blitz qual2"]
[Site "Playchess.com INT"]
[Date "2021.05.04"]
[Round "8"]
[White "Neusuess, Willi"]
[Black "Hader, Soeren"]
[Result "0-1"]
[WhiteElo "1548"]
[BlackElo "1532"]
[PlyCount "114"]
[EventDate "2021.05.04"]
[EventType "swiss (blitz)"]
[EventRounds "11"]
[EventCountry "GER"]
[SourceTitle "CBM 202 Extra"]
[Source "ChessBase"]
[SourceDate "2021.07.31"]
[SourceVersion "1"]
[SourceVersionDate "2021.07.31"]
[SourceQuality "1"]

1. d4 Nf6 2. c3 e6 3. e3 b6 4. f4 Bb7 5. Nf3 d6 6. Qe2 Nbd7 7. Qd2 Ne4 8. Qe2 Be7 9. Nbd2 c5 10. Nxe4 Bxe4 11. Qf2 0-0 12. Be2 Qc7 13. 0-0 d5 14. Ne5 Nxe5 15. fxe5 cxd4 16. exd4 b5 17. Qg3 Bg6 18. Bxb5 Rab8 19. Be2 Qd8 20. Qf3 Bg5 21. Be3 Rxb2 22. Bxg5 Qxg5 23. Rae1 Rfb8 24. Qg4 Qxg4 25. Bxg4 Rxa2 26. h3 Rbb2 27. Be2 Rxe2 28. Rxe2 Rxe2 29. Rf2 Rxf2 30. Kxf2 Bd3 31. g3 a5 32. Ke1 a4 33. Kd2 Bc4 34. Kc1 a3 35. Kb1 f6 36. exf6 gxf6 37. h4 Kf7 38. g4 Kg6 39. Ka1 h5 40. gxh5+ Kxh5 41. Kb1 f5 42. Ka1 f4 43. Kb1 f3 44. Kc1 a2 45. Kb2 f2 46. Ka3 f1Q 47. Kb4 Bb5 48. Kc5 Qc4+ 49. Kd6 Qc6+ 50. Ke5 Kxh4 51. Kf6 Qd6 52. Kf7 Kg5 53. c4 Qd7+ 54. Kf8 Qe8+ 55. Kg7 Qe7+ 56. Kg8 Kg6 57. cxb5 Qe8# 0-1

[Event "GER-ch Net blitz qual2"]
[Site "Playchess.com INT"]
[Date "2021.05.04"]
[Round "1"]
[White "Tschernatsch, Johannes"]
[Black "Hader, Soeren"]
[Result "1-0"]
[WhiteElo "1852"]
[BlackElo "1532"]
[PlyCount "65"]
[EventDate "2021.05.04"]
[EventType "swiss (blitz)"]
[EventRounds "11"]
[EventCountry "GER"]
[SourceTitle "CBM 202 Extra"]
[Source "ChessBase"]
[SourceDate "2021.07.31"]
[SourceVersion "1"]
[SourceVersionDate "2021.07.31"]
[SourceQuality "1"]

1. e4 c5 2. Nf3 e6 3. d4 cxd4 4. Nxd4 a6 5. Bd3 Qc7 6. 0-0 Nf6 7. c4 Be7 8. Nc3 0-0 9. Kh1 d6 10. f4 b6 11. Qe2 Nbd7 12. Be3 Bb7 13. f5 exf5 14. Nxf5 Nc5 15. Nd5 Nxd5 16. exd5 Nxd3 17. Qxd3 Rae8 18. Bd4 f6 19. Qg3 Rf7 20. Nh6+ Kf8 21. Nxf7 Kxf7 22. b3 b5 23. Rac1 Qd7 24. Rfe1 bxc4 25. bxc4 Rb8 26. Re6 Bc8 27. Rce1 Bf8 28. Qh4 h6 29. Rxf6+ gxf6 30. Qxf6+ Kg8 31. Qh8+ Kf7 32. Qh7+ Bg7 33. Qxg7# 1-0

[Event "GER-ch Net blitz qual1"]
[Site "Playchess.com INT"]
[Date "2021.04.24"]
[Round "1"]
[White "Fruth, David"]
[Black "Hader, Soeren"]
[Result "0-1"]
[WhiteElo "1789"]
[BlackElo "1490"]
[PlyCount "32"]
[EventDate "2021.04.24"]
[EventType "swiss (blitz)"]
[EventRounds "11"]
[EventCountry "GER"]
[SourceTitle "CBM 202 Extra"]
[Source "ChessBase"]
[SourceDate "2021.07.31"]
[SourceVersion "1"]
[SourceVersionDate "2021.07.31"]
[SourceQuality "1"]

1. e4 c5 2. Nf3 e6 3. d4 cxd4 4. Nxd4 a6 5. Nc3 Qc7 6. g3 Bc5 7. Bg2 d6 8. 0-0 Nf6 9. Be3 Bxd4 10. Bxd4 e5 11. Be3 Nc6 12. Bg5 b5 13. Bxf6 gxf6 14. Nd5 Qd8 15. Qf3 Nd4 16. Nxf6+ Kf8 0-1

[Event "GER-ch Net blitz qual1"]
[Site "Playchess.com INT"]
[Date "2021.04.24"]
[Round "6"]
[White "Hader, Soeren"]
[Black "Leonforte, Aurelius"]
[Result "0-1"]
[WhiteElo "1490"]
[BlackElo "1620"]
[PlyCount "56"]
[EventDate "2021.04.24"]
[EventType "swiss (blitz)"]
[EventRounds "11"]
[EventCountry "GER"]
[SourceTitle "CBM 202 Extra"]
[Source "ChessBase"]
[SourceDate "2021.07.31"]
[SourceVersion "1"]
[SourceVersionDate "2021.07.31"]
[SourceQuality "1"]

1. e4 e6 2. d4 d5 3. Nd2 c5 4. exd5 exd5 5. Ngf3 Nc6 6. Bb5 a6 7. Bxc6+ bxc6 8. 0-0 Be7 9. Re1 Be6 10. Nb3 c4 11. Nc5 Bxc5 12. dxc5 Nf6 13. Bf4 0-0 14. Bd6 Re8 15. Ne5 Ne4 16. Nxc6 Qd7 17. Ne5 Qd8 18. Nc6 Qd7 19. Ne5 Qb7 20. b3 cxb3 21. cxb3 Rad8 22. Rxe4 dxe4 23. Rc1 f6 24. c6 Qb6 25. Nd7 Bxd7 26. cxd7 Rxd7 27. Qd5+ Kh8 28. Qf7 Rxf7 0-1

[Event "GER-ch Net blitz qual1"]
[Site "Playchess.com INT"]
[Date "2021.04.24"]
[Round "9"]
[White "Lenhard, Alexander"]
[Black "Hader, Soeren"]
[Result "1-0"]
[WhiteElo "1653"]
[BlackElo "1490"]
[PlyCount "63"]
[EventDate "2021.04.24"]
[EventType "swiss (blitz)"]
[EventRounds "11"]
[EventCountry "GER"]
[SourceTitle "CBM 202 Extra"]
[Source "ChessBase"]
[SourceDate "2021.07.31"]
[SourceVersion "1"]
[SourceVersionDate "2021.07.31"]
[SourceQuality "1"]

1. b4 d5 2. Bb2 Nf6 3. Nf3 Nbd7 4. e3 e6 5. a3 c5 6. bxc5 Bxc5 7. c4 dxc4 8. Bxc4 0-0 9. Nc3 a6 10. d4 Ba7 11. 0-0 b5 12. Bb3 Qb6 13. Rc1 Bb7 14. Na2 Rac8 15. Rxc8 Rxc8 16. Re1 a5 17. Bc2 Qc6 18. Bd3 g5 19. h3 g4 20. hxg4 Nxg4 21. Nh4 h5 22. e4 Bb8 23. d5 exd5 24. exd5 Qd6 25. g3 Qxd5 26. Be4 Qxa2 27. Bxb7 Rc7 28. Qd4 f6 29. Re8+ Kg7 30. Nf5+ Kg6 31. Ne7+ Kf7 32. Bd5+ 1-0

[Event "GER-ch Net blitz qual1"]
[Site "Playchess.com INT"]
[Date "2021.04.24"]
[Round "3"]
[White "Parvanyan, Ashot"]
[Black "Hader, Soeren"]
[Result "1-0"]
[WhiteElo "1620"]
[BlackElo "1490"]
[PlyCount "49"]
[EventDate "2021.04.24"]
[EventType "swiss (blitz)"]
[EventRounds "11"]
[EventCountry "GER"]
[SourceTitle "CBM 202 Extra"]
[Source "ChessBase"]
[SourceDate "2021.07.31"]
[SourceVersion "1"]
[SourceVersionDate "2021.07.31"]
[SourceQuality "1"]

1. Nf3 Nf6 2. c4 e6 3. g3 d5 4. Bg2 dxc4 5. 0-0 c6 6. a4 Nbd7 7. Na3 Nb6 8. a5 Nbd5 9. Nxc4 Be7 10. d4 0-0 11. Nfe5 Nd7 12. e4 N5f6 13. Be3 Qc7 14. Qb3 Nxe5 15. Nxe5 Nd7 16. Nc4 Nf6 17. Bf4 Qd7 18. Rfd1 Rd8 19. Rac1 h6 20. Ne5 Qe8 21. a6 Rb8 22. Nxf7 Qxf7 23. Bxb8 Bd7 24. Bc7 Rc8 25. axb7 1-0

[Event "GER-ch Net blitz qual1"]
[Site "Playchess.com INT"]
[Date "2021.04.24"]
[Round "10"]
[White "Reiss, Peter"]
[Black "Hader, Soeren"]
[Result "0-1"]
[WhiteElo "1357"]
[BlackElo "1490"]
[PlyCount "106"]
[EventDate "2021.04.24"]
[EventType "swiss (blitz)"]
[EventRounds "11"]
[EventCountry "GER"]
[SourceTitle "CBM 202 Extra"]
[Source "ChessBase"]
[SourceDate "2021.07.31"]
[SourceVersion "1"]
[SourceVersionDate "2021.07.31"]
[SourceQuality "1"]

1. d4 Nf6 2. c4 e5 3. dxe5 Ng4 4. Nf3 Nc6 5. Bf4 Bb4+ 6. Nbd2 Qe7 7. a3 Bc5 8. e3 Ngxe5 9. Be2 Bd6 10. Bxe5 Bxe5 11. Nxe5 Qxe5 12. Qc2 0-0 13. 0-0 d5 14. cxd5 Qxd5 15. Bf3 Qb5 16. Rac1 Bf5 17. Qc3 Rad8 18. Rfd1 Bg6 19. Bxc6 bxc6 20. Qxc6 Qxb2 21. Nc4 Rxd1+ 22. Rxd1 Qc2 23. Rf1 Bd3 24. Na5 Qxc6 25. Nxc6 Bxf1 26. Kxf1 Rc8 27. Ke2 Kf8 28. Nxa7 Ra8 29. Nb5 c6 30. Nd4 c5 31. Nb3 Rc8 32. a4 Ke7 33. a5 Kd6 34. a6 Ra8 35. Kd3 Rxa6 36. Nd2 Ra3+ 37. Ke2 Kd5 38. Nf3 c4 39. Kd2 Ra7 40. Kc3 Rb7 41. Nd4 Ra7 42. Nf5 Ra3+ 43. Kd2 c3+ 44. Kc2 Ke5 45. Nd4 Kd5 46. Nb5 Ra5 47. Nxc3+ Kc4 48. Kd2 Ra6 49. Ne4 Ra2+ 50. Ke1 Kd3 51. Nc5+ Kc4 52. Ne4 Kd3 53. Ng3 Ra1# 0-1

[Event "GER Cup Net V4 U2000"]
[Site "Playchess.com INT"]
[Date "2020.05.31"]
[Round "7"]
[White "Friemel, Reinhard"]
[Black "Hader, Soeren"]
[Result "1-0"]
[WhiteElo "1643"]
[BlackElo "1470"]
[PlyCount "33"]
[EventDate "2020.05.31"]
[EventType "swiss (blitz)"]
[EventRounds "9"]
[EventCountry "GER"]
[SourceTitle "EXT 2021"]
[Source "ChessBase"]
[SourceDate "2020.10.23"]
[SourceVersion "1"]
[SourceVersionDate "2020.10.23"]
[SourceQuality "1"]

1. e4 c5 2. c4 Nc6 3. Nc3 e6 4. g3 a6 5. Bg2 Nf6 6. Nge2 Be7 7. d3 Rb8 8. a4 0-0 9. 0-0 b6 10. h3 Qc7 11. f4 e5 12. f5 Nd4 13. g4 d6 14. Ng3 g6 15. g5 Nd7 16. Nd5 Qd8 17. f6 1-0

[Event "GER Cup Net V4 U2000"]
[Site "Playchess.com INT"]
[Date "2020.05.31"]
[Round "6"]
[White "Hader, Soeren"]
[Black "Dietrich, Leif"]
[Result "0-1"]
[WhiteElo "1477"]
[BlackElo "1718"]
[PlyCount "132"]
[EventDate "2020.05.31"]
[EventType "swiss (blitz)"]
[EventRounds "9"]
[EventCountry "GER"]
[SourceTitle "EXT 2021"]
[Source "ChessBase"]
[SourceDate "2020.10.23"]
[SourceVersion "1"]
[SourceVersionDate "2020.10.23"]
[SourceQuality "1"]

1. e4 c5 2. Nf3 d6 3. d4 cxd4 4. Nxd4 Nf6 5. Nc3 a6 6. Bc4 e6 7. Qe2 Be7 8. 0-0 b5 9. Bd3 Bb7 10. a3 Nc6 11. Be3 Rc8 12. Nxc6 Bxc6 13. f4 d5 14. e5 Nd7 15. Qf2 f5 16. Ne2 0-0 17. Nd4 Nc5 18. Nxc6 Rxc6 19. Rac1 Qc7 20. Rfd1 Rc8 21. Qe1 Na4 22. Rb1 Rd8 23. Bd4 Rc8 24. Kh1 Bc5 25. Bxc5 Nxc5 26. b4 Na4 27. Rbc1 Nc3 28. Rd2 Na2 29. Ra1 Nc3 30. Rc1 Ne4 31. Re2 Rc3 32. Bxe4 dxe4 33. Qd2 Rxa3 34. Rf2 Rc3 35. Re2 Rc4 36. Kg1 Rd8 37. Qe1 Rc8 38. Qd2 Rd8 39. Qe1 Qe7 40. Kf1 Rxb4 41. c3 Rc4 42. Rd2 Qc7 43. Rxd8+ Qxd8 44. Rd1 Qc7 45. Rd6 Rxc3 46. Rxe6 Rc1 47. Qxc1 Qxc1+ 48. Kf2 Qc2+ 49. Kg3 Qb3+ 50. Kh4 Qxe6 51. g4 fxg4 52. Kg3 e3 53. Kg2 e2 54. Kf2 e1Q+ 55. Kxe1 Qf5 56. Ke2 Qxf4 57. h3 Qe4+ 58. Kf2 Qxe5 59. hxg4 Qf4+ 60. Kg2 Qxg4+ 61. Kh1 Qf4 62. Kg2 a5 63. Kh3 a4 64. Kg2 a3 65. Kh1 a2 66. Kg2 Qf5 0-1

[Event "GER Cup Net V4 U2000"]
[Site "Playchess.com INT"]
[Date "2020.05.31"]
[Round "3"]
[White "Hader, Soeren"]
[Black "Grund, Erwin"]
[Result "0-1"]
[WhiteElo "1453"]
[BlackElo "1693"]
[PlyCount "118"]
[EventDate "2020.05.31"]
[EventType "swiss (blitz)"]
[EventRounds "9"]
[EventCountry "GER"]
[SourceTitle "EXT 2021"]
[Source "ChessBase"]
[SourceDate "2020.10.23"]
[SourceVersion "1"]
[SourceVersionDate "2020.10.23"]
[SourceQuality "1"]

1. e4 c5 2. Nf3 Nc6 3. d4 cxd4 4. Nxd4 g6 5. c4 Bg7 6. Nxc6 bxc6 7. Nc3 d6 8. Bd3 Nf6 9. 0-0 0-0 10. Bg5 h6 11. Bh4 Qb6 12. Qc2 Rb8 13. b3 Re8 14. Rad1 Ng4 15. h3 Ne5 16. Bg3 Qb4 17. a3 Qxb3 18. Rb1 Qxc2 19. Bxc2 Rxb1 20. Bxb1 Nxc4 21. Ba2 Nd2 22. Rc1 Bxc3 23. Rxc3 Nxe4 24. Rxc6 Nxg3 25. fxg3 Bf5 26. g4 Bd3 27. Rc7 a6 28. Kf2 Bb5 29. Ke3 Kg7 30. Kd4 Kf6 31. Rc2 Bd7 32. Rf2+ Kg7 33. Rxf7+ Kg8 34. Rxe7+ Kf8 35. Rxd7 Re2 36. Rf7+ Ke8 37. Bd5 Rd2+ 38. Ke4 Rxd5 39. Kxd5 Kxf7 40. Kxd6 Kf6 41. h4 h5 42. gxh5 gxh5 43. Kd5 Kf5 44. Kd4 Kf4 45. Kd3 Kg3 46. Ke2 Kxg2 47. Ke3 Kg3 48. Ke2 Kxh4 49. Kf2 Kg4 50. Kg2 h4 51. Kh2 a5 52. Kg2 a4 53. Kh2 Kf3 54. Kh3 Ke3 55. Kxh4 Kd3 56. Kg3 Kc3 57. Kf2 Kb3 58. Ke1 Kxa3 59. Kd1 Kb2 0-1